<A> New Introduction to Financial Accounting

Saved in:
Bibliographic Details
Main Author: May, Robert G.
Other Authors: Mueller, Gerhard G., Williams, Thomas H.
Format: Book
Language:English
Published: Englewood Cliffs Prentice Hall 1980
Edition:2. ed.
Subjects:
Tags: Add Tag
No Tags, Be the first to tag this record!

MARC

LEADER 00000nam a2200000 4500
001 c012113
005 20221207074857.7
020 |a 0-13-614834-4 
041 0 |a eng 
044 |a US 
245 1 0 |a <A> New Introduction to Financial Accounting  |c Robert G. May, Gerhard G. Mueller, Thomas H. Williams 
250 |a 2. ed. 
264 1 |a Englewood Cliffs  |b Prentice Hall  |c 1980 
300 |a 797 s. 
610 2 0 |a účtovníctvo finančné 
610 2 0 |a rozhodovanie finančné 
610 2 0 |a účty 
610 2 0 |a systémy účtovné 
610 2 0 |a trh kapitálový 
100 1 |a May, Robert G. 
700 1 |a Mueller, Gerhard G. 
700 1 |a Williams, Thomas H.